=LDR 00000nam 2200000 4500 =001 INLIS000000000055789 =005 20200803082830 =035 ##$$a 0010-0720000093 =007 ta =008 200803################g##########0#ind## =082 ##$$a 2x7.24 =084 ##$$a 2x7.24 ALA s =100 #$$a Alawiyah AS, Hj. Tutty =245 1#$$a Strategi dakwah di lingkungan majlis taklim /$c Dra. Hj. Tutty Alawiyah AS =260 ##$$a Bandung :$b Mizan,$c 1997 =300 ##$$a 125 hlm. ; $c 18 x 12 cm. =600 #4$$a Dakwah Islam =990 ##$$a 173.321/Pro-2002 =990 ##$$a 09510951 =990 ##$$a 173.320/Pro-2002 =990 ##$$a 173.321/Pro-2002 =990 ##$$a 10701070 =990 ##$$a 173.323/Pro-2002 =990 ##$$a 173.321/Pro-2002 =990 ##$$a 173.320/Pro-2002 =990 ##$$a 173.323/Pro-2002 =990 ##$$a 173.321/Pro-2002 =990 ##$$a 173.320/Pro-2002 =990 ##$$a 173.323/Pro-2002 =990 ##$$a 173.321/Pro-2002 =990 ##$$a 173.320/Pro-2002 =990 ##$$a 27282728 =990 ##$$a 173.321/Pro-2002 =990 ##$$a 173.320/Pro-2002 =990 ##$$a 173.323/Pro-2002 =990 ##$$a 173.322/Pro-2002 =990 ##$$a 173.321/Pro-2002 =990 ##$$a 173.320/Pro-2002 =990 ##$$a 173.323/Pro-2002